[Event "Mistrzostwa Polski Juniorow do 16 lat"]
[Site "Karpacz"]
[Date "2015.??.??"]
[Round "7.16"]
[White "Wisniewski, Jacek"]
[Black "Holownia, Michal"]
[Result "1/2-1/2"]
[WhiteElo "1775"]
[BlackElo "1795"]
[PlyCount "125"]
[EventDate "2015.??.??"]

1. e4 c5 2. Nf3 Nc6 3. Bb5 d6 4. O-O Bd7 5. Re1 a6 6. Bxc6 Bxc6 7. d4 cxd4 8.
Nxd4 e5 9. Nxc6 bxc6 10. Qg4 Nf6 11. Qg3 Qa5 12. Bd2 Qb6 13. b3 Be7 14. Be3 Qa5
15. Nd2 Qc3 16. Nc4 g6 17. Qf3 Rd8 18. Rad1 h6 19. Qe2 d5 20. Bb6 dxc4 21. Bxd8
Bxd8 22. Rd6 cxb3 23. axb3 Be7 24. Rd3 Qb4 25. Ra1 a5 26. Ra4 Qb6 27. Qe1 O-O
28. Qxa5 Qxa5 29. Rxa5 c5 30. f3 Rc8 31. Kf1 c4 32. bxc4 Rxc4 33. Rxe5 Bb4 34.
Rb5 Kg7 35. Rb8 Bc3 36. g3 Rc5 37. Ra8 Bb2 38. Rd2 Bc3 39. Rdd8 Bb2 40. Rac8
Rxc8 41. Rxc8 Nd7 42. Ke2 h5 43. c4 Nb6 44. Rc6 Bd4 45. Kd3 Bg1 46. h3 Nd7 47.
Rc7 Nc5+ 48. Kc3 Ne6 49. Rc8 Bh2 50. g4 hxg4 51. hxg4 Ng5 52. c5 Nxf3 53. c6
Ng5 54. Kd4 Ne6+ 55. Kd5 Kf6 56. Rh8 Bc7 57. Rh1 Nf4+ 58. Kc5 Ne6+ 59. Kb5 Nd4+
60. Ka6 Be5 61. Kb7 Ne6 62. Rd1 Kg5 63. Rg1 1/2-1/2

[Event "Mistrzostwa Polski Juniorow do 16 lat"]
[Site "Karpacz"]
[Date "2015.??.??"]
[Round "7.19"]
[White "Oleszek, Maciej"]
[Black "Choina, Michal"]
[Result "1/2-1/2"]
[WhiteElo "1788"]
[BlackElo "1678"]
[PlyCount "34"]
[EventDate "2015.??.??"]

1. d4 Nf6 2. Nc3 d5 3. Bg5 Bf5 4. Qd2 e6 5. f3 Bb4 6. O-O-O Nbd7 7. e3 c6 8. g4
Bg6 9. Bd3 b5 10. Nge2 Qa5 11. Kb1 Be7 12. Bxf6 gxf6 13. Ng3 Bb4 14. Nge2 Be7
15. Ng3 Bb4 16. Nge2 Be7 17. Ng3 Bb4 1/2-1/2

[Event "Mistrzostwa Polski Juniorow do 16 lat"]
[Site "Karpacz"]
[Date "2015.??.??"]
[Round "7.7"]
[White "Maj, Kornel"]
[Black "Jankowiak, Tomasz"]
[Result "1-0"]
[WhiteElo "2089"]
[BlackElo "1663"]
[PlyCount "67"]
[EventDate "2015.??.??"]

1. e4 d6 2. d4 Nf6 3. Nc3 e5 4. Nf3 Nbd7 5. Bc4 Be7 6. O-O O-O 7. a4 a5 8. Re1
c6 9. Ba2 exd4 10. Nxd4 Nc5 11. h3 h6 12. Qf3 Be6 13. Nxe6 fxe6 14. Qg3 Kh8 15.
Qe3 Nfd7 16. Qe2 Bf6 17. Bc4 d5 18. Bd3 Qb6 19. Nd1 Nxd3 20. cxd3 Bd4 21. Be3
Bxe3 22. Nxe3 Nc5 23. Ng4 Nb3 24. Rad1 Qd4 25. exd5 exd5 26. Qe7 Qxb2 27. Qxb7
h5 28. Rb1 Qd2 29. Ne5 Qxf2+ 30. Kh1 Nc5 31. Ng6+ Kg8 32. Qxc6 Rac8 33. Qxd5+
Kh7 34. Qxh5+ 1-0

[Event "Mistrzostwa Polski Juniorow do 16 lat"]
[Site "Karpacz"]
[Date "2015.??.??"]
[Round "7.8"]
[White "Bilczewski, Kacper"]
[Black "Domanski, Lukasz"]
[Result "1-0"]
[WhiteElo "1890"]
[BlackElo "1974"]
[PlyCount "51"]
[EventDate "2015.??.??"]

1. e4 e5 2. f4 exf4 3. Nf3 Ne7 4. d4 d5 5. Nc3 dxe4 6. Nxe4 Nd5 7. Bc4 Bb4+ 8.
c3 Be7 9. Qe2 Bg4 10. Nf2 Bh5 11. Qe5 Nf6 12. Bxf4 Nbd7 13. Qb5 Qc8 14. g4 Bg6
15. O-O-O c6 16. Qb3 Nb6 17. Rhe1 Nfd5 18. Bxd5 Nxd5 19. Bd6 Qd7 20. Qa3 Kd8
21. Bxe7+ Nxe7 22. Ne5 Qc7 23. Ne4 f6 24. Nc5 Qc8 25. Ne6+ Qxe6 26. Nxg6 1-0

[Event "Mistrzostwa Polski Juniorow do 16 lat"]
[Site "Karpacz"]
[Date "2015.??.??"]
[Round "7.12"]
[White "Zaleski, Lukasz"]
[Black "Golda, Sebastian"]
[Result "0-1"]
[WhiteElo "2005"]
[BlackElo "1874"]
[PlyCount "70"]
[EventDate "2015.??.??"]

1. e4 e5 2. Nf3 Nc6 3. Nc3 Nf6 4. g3 d5 5. exd5 Nxd5 6. Bg2 Be6 7. d3 f6 8. O-O
Qd7 9. Re1 O-O-O 10. a3 g5 11. Nd2 h5 12. Nde4 Qf7 13. Nxd5 Bxd5 14. Be3 h4 15.
Qf3 Be7 16. Bh3+ Kb8 17. Bf5 hxg3 18. hxg3 Rdg8 19. g4 Nd4 20. Bxd4 exd4 21.
Kg2 Bd6 22. Rh1 Qe7 23. Rxh8 Rxh8 24. Rh1 Rxh1 25. Kxh1 Qe5 26. Qh3 a6 27. Kg1
Qf4 28. Qh8+ Ka7 29. Qxf6 Qc1+ 30. Kg2 Qxb2 31. Qxg5 Qxc2 32. Bh7 Bc6 33. Qf5
Qxd3 34. g5 Qe2 35. g6 Bxe4+ 0-1

[Event "Mistrzostwa Polski Juniorow do 16 lat"]
[Site "Karpacz"]
[Date "2015.??.??"]
[Round "7.13"]
[White "Bakalarczyk, Jakub"]
[Black "Wacior, Maciej"]
[Result "0-1"]
[WhiteElo "1602"]
[BlackElo "1997"]
[PlyCount "82"]
[EventDate "2015.??.??"]

1. d4 Nf6 2. c4 g6 3. Nc3 Bg7 4. Nf3 d6 5. g3 O-O 6. Bg2 Nc6 7. O-O Bg4 8. h3
Bxf3 9. Bxf3 Nd7 10. e3 e5 11. Bg2 exd4 12. exd4 Nxd4 13. Bxb7 Rb8 14. Bg2 c5
15. Ne2 Nb6 16. Nxd4 Bxd4 17. Qc2 Qf6 18. Rb1 Rfe8 19. b3 Re6 20. Be3 Bxe3 21.
fxe3 Qg5 22. Qf2 Qxe3 23. Kh2 Qxf2 24. Rxf2 Rbe8 25. Bc6 Re2 26. Rb2 Rxb2 27.
Rxb2 Re6 28. Kg2 Kf8 29. Kf2 Ke7 30. Rd2 a5 31. a3 Kd8 32. Bd5 Nxd5 33. Rxd5
Kc7 34. b4 axb4 35. axb4 cxb4 36. Rb5 Kc6 37. Rxb4 Kc5 38. Ra4 h5 39. Kf3 Re1
40. g4 hxg4+ 41. hxg4 f6 0-1

[Event "Mistrzostwa Polski Juniorow do 16 lat"]
[Site "Karpacz"]
[Date "2015.??.??"]
[Round "7.14"]
[White "Klementowski, Dawid"]
[Black "Janiszewski, Filip"]
[Result "0-1"]
[WhiteElo "1805"]
[BlackElo "1919"]
[PlyCount "42"]
[EventDate "2015.??.??"]

1. e4 c5 2. Nf3 d6 3. d4 cxd4 4. Nxd4 Nf6 5. Nc3 a6 6. Be2 e6 7. Be3 Be7 8. f4
Qc7 9. O-O Nc6 10. Qe1 O-O 11. Qg3 Kh8 12. Kh1 Bd7 13. Rae1 b5 14. a3 Rab8 15.
Bd3 b4 16. axb4 Rxb4 17. Nb3 a5 18. e5 dxe5 19. fxe5 Nh5 20. Qh3 Rh4 21. Qf3
Nxe5 0-1

[Event "Mistrzostwa Polski Juniorow do 16 lat"]
[Site "Karpacz"]
[Date "2015.??.??"]
[Round "7.15"]
[White "Tamon, Radoslaw"]
[Black "Szmer, Aleksander"]
[Result "0-1"]
[WhiteElo "1880"]
[BlackElo "1767"]
[PlyCount "80"]
[EventDate "2015.??.??"]

1. e4 c5 2. Nf3 g6 3. c3 Bg7 4. d4 cxd4 5. cxd4 Nf6 6. Nc3 d6 7. Be2 O-O 8. h3
Nc6 9. Be3 Bd7 10. O-O a6 11. d5 Na7 12. Nd4 b5 13. a3 Nc8 14. Qd2 Re8 15. Rac1
Nb6 16. b3 Rc8 17. Rc2 Rxc3 18. Qxc3 Nxe4 19. Qa5 Nxd5 20. Qxa6 Nxe3 21. fxe3
Bh6 22. Rf3 Ng5 23. Rg3 Ne4 24. Rf3 Ng5 25. Rg3 Ne4 26. Rf3 Nc5 27. Qa7 e5 28.
Nxb5 e4 29. Rxf7 Bxe3+ 30. Kh1 Kxf7 31. Nxd6+ Kg8 32. Nxe8 Bxe8 33. b4 Qd4 34.
Bc4+ Kh8 35. Qb8 Qd1+ 36. Kh2 Bg1+ 37. Kg3 Qe1+ 38. Kg4 h5+ 39. Kg5 Be3+ 40.
Kf6 Qh4+ 0-1

[Event "Mistrzostwa Polski Juniorow do 16 lat"]
[Site "Karpacz"]
[Date "2015.??.??"]
[Round "7.17"]
[White "Klepek, Witold"]
[Black "Kaminski, Piotr"]
[Result "0-1"]
[WhiteElo "1931"]
[BlackElo "1887"]
[PlyCount "77"]
[EventDate "2015.??.??"]

1. e4 c5 2. Nf3 g6 3. d4 cxd4 4. Nxd4 Nc6 5. c4 Nf6 6. Nc3 d6 7. Be2 Bg7 8. Nc2
O-O 9. O-O Nd7 10. Rb1 Nc5 11. f3 a5 12. Be3 Be6 13. Na3 f5 14. Nab5 b6 15. Qd2
Rb8 16. a3 Ne5 17. b3 Nxb3 18. Rxb3 Nxc4 19. Bxc4 Bxc4 20. Rfb1 Bxb3 21. Rxb3
fxe4 22. Qd5+ Kh8 23. Nxe4 Rf5 24. Qd3 d5 25. Ng5 Qd7 26. g4 Rff8 27. Nd4 Rf6
28. Bf2 e5 29. Nc2 Rd6 30. Qb5 Qxb5 31. Rxb5 Kg8 32. Ne3 h6 33. Nh3 Rbd8 34.
Bh4 R8d7 35. Nf2 Kf7 36. Kf1 Ke6 37. Ke2 Rc6 38. Kd2 Bf8 39. Nd3 0-1

[Event "Mistrzostwa Polski Juniorow do 16 lat"]
[Site "Karpacz"]
[Date "2015.??.??"]
[Round "7.20"]
[White "Pasieka, Marcin"]
[Black "Rzeszowski, Dominik"]
[Result "1-0"]
[WhiteElo "1683"]
[BlackElo "1780"]
[PlyCount "75"]
[EventDate "2015.??.??"]

1. e4 e5 2. Nf3 Nc6 3. Bc4 Nf6 4. Ng5 Bc5 5. Bxf7+ Ke7 6. Bb3 Rf8 7. d3 d6 8.
Be3 Bb6 9. Bxb6 axb6 10. Nc3 h6 11. Nf3 Bg4 12. h3 Bh5 13. Qd2 Bxf3 14. gxf3
Nd4 15. O-O-O Nxf3 16. Qe3 Nd4 17. f4 b5 18. Rhg1 Nh5 19. f5 c6 20. Ne2 Nxb3+
21. axb3 c5 22. Qf3 Qe8 23. Qg4 Rg8 24. Qh4+ Nf6 25. Rg6 Ra1+ 26. Kd2 Rxd1+ 27.
Kxd1 b4 28. Ng3 Qf7 29. Nh5 Kd8 30. Nxf6 gxf6 31. Qxh6 Rxg6 32. fxg6 Qe6 33.
Qg7 Qe7 34. Qxe7+ Kxe7 35. h4 Kf8 36. h5 Kg7 37. Ke2 Kh6 38. Kf3 1-0

[Event "Mistrzostwa Polski Juniorow do 16 lat"]
[Site "?"]
[Date "2015.03.20"]
[Round "7.1"]
[White "Grela, Kacper"]
[Black "Szostko, Jakub"]
[Result "1/2-1/2"]
[WhiteElo "2172"]
[BlackElo "2162"]
[PlyCount "82"]
[EventDate "2015.??.??"]

1. e4 c6 2. d4 d5 3. Nc3 dxe4 4. Nxe4 Bf5 5. Ng3 Bg6 6. h4 h6 7. Nf3 Nd7 8. h5
Bh7 9. Bd3 Bxd3 10. Qxd3 e6 11. Bd2 Qc7 12. O-O-O Ngf6 13. Ne4 O-O-O 14. g3 Nc5
15. Nxc5 Bxc5 16. c4 Qe7 17. Bc3 Bb4 18. Kb1 Bxc3 19. Qxc3 Ng4 20. Rh4 f5 21.
Re1 Nxf2 22. Qa5 Qc7 23. Qxc7+ Kxc7 24. Rxe6 Ng4 25. Ne5 Rxd4 26. Nxg4 fxg4 27.
Re7+ Rd7 28. Rxd7+ Kxd7 29. Rxg4 Rg8 30. Rg6 Ke7 31. g4 Kf7 32. g5 hxg5 33.
Rxg5 Re8 34. Kc2 Re2+ 35. Kc3 Re3+ 36. Kd4 Re2 37. Kc3 Re3+ 38. Kd4 Re2 39. Kc3
Re3+ 40. Kb4 Re2 41. Ka3 Rh2 1/2-1/2

[Event "Mistrzostwa Polski Juniorow do 16 lat"]
[Site "?"]
[Date "2015.03.20"]
[Round "7.2"]
[White "Nowak, Kamil"]
[Black "Zylka, Stanislaw"]
[Result "0-1"]
[WhiteElo "2080"]
[BlackElo "2065"]
[PlyCount "94"]
[EventDate "2015.??.??"]

1. e4 c5 2. Nf3 Nc6 3. d4 cxd4 4. Nxd4 Nf6 5. Nc3 d6 6. g3 g6 7. Bg2 Nxd4 8.
Qxd4 Bg7 9. Be3 O-O 10. Qd2 Ng4 11. Bd4 Bh6 12. f4 e5 13. Bf2 exf4 14. gxf4
Nxf2 15. Qxf2 f5 16. O-O fxe4 17. Qe3 Qb6 18. Qxb6 axb6 19. Nd5 Bf5 20. a4 Ra5
21. Nxb6 Rc5 22. c4 Bg7 23. Rad1 Rc6 24. Nd5 Rxc4 25. Ne7+ Kh8 26. Nxf5 gxf5
27. Rxd6 Rxa4 28. b3 Rd4 29. Rd1 Rxd1+ 30. Rxd1 Bh6 31. Bh3 Kg7 32. Kg2 Rf6 33.
Rd5 Kg6 34. Kg3 Bf8 35. Bf1 Rc6 36. Bh3 Rf6 37. Bf1 Bb4 38. Bb5 Rf8 39. Bd7 b6
40. Kf2 Bc5+ 41. Kg3 h6 42. h3 Be3 43. Rd6+ Kh5 44. h4 Rg8+ 45. Kh3 Bxf4 46.
Rf6 Rg3+ 47. Kh2 Rg6+ 0-1

[Event "Mistrzostwa Polski Juniorow do 16 lat"]
[Site "?"]
[Date "2015.03.20"]
[Round "7.3"]
[White "Karpus, Michal"]
[Black "Koziol, Kamil"]
[Result "1/2-1/2"]
[WhiteElo "2092"]
[BlackElo "2216"]
[PlyCount "98"]
[EventDate "2015.??.??"]

1. e4 c5 2. Nf3 Nc6 3. d4 cxd4 4. Nxd4 Qc7 5. Nc3 e6 6. Be3 a6 7. Bd3 Nf6 8.
O-O Nxd4 9. Bxd4 Bd6 10. h3 Bc5 11. Bxc5 Qxc5 12. Qe1 d6 13. Kh1 e5 14. f4 Be6
15. Nd5 Nxd5 16. exd5 Qxd5 17. f5 Bd7 18. Qh4 Bc6 19. Rf2 b5 20. a4 f6 21. axb5
axb5 22. Rxa8+ Bxa8 23. Qh5+ Ke7 24. Re2 Bc6 25. Qh4 h6 26. Qg4 Qf7 27. Qb4 Rb8
28. Rd2 Rb6 29. c4 Qh5 30. Kg1 Qh4 31. Bf1 Bd7 32. Qa5 Qe1 33. Qxb6 Qxd2 34.
cxb5 e4 35. Qc7 e3 36. Qc4 Qxb2 37. Bd3 Qa1+ 38. Bf1 Qa7 39. Qe4+ Kd8 40. Kh1
Qa1 41. Qd3 d5 42. b6 Bc6 43. Kh2 Qe5+ 44. Kg1 d4 45. Qa3 Qe7 46. Qa5 Bb7 47.
Qa7 Qd7 48. Bb5 Qxb5 49. Qb8+ Kd7 1/2-1/2

[Event "Mistrzostwa Polski Juniorow do 16 lat"]
[Site "?"]
[Date "2015.03.20"]
[Round "7.4"]
[White "Winiarski, Mikolaj"]
[Black "Januszkiewicz, Wojciech"]
[Result "1-0"]
[WhiteElo "2113"]
[BlackElo "1965"]
[PlyCount "116"]
[EventDate "2015.??.??"]

1. d4 Nf6 2. c4 e6 3. g3 c5 4. d5 d6 5. Bg2 Be7 6. Nc3 e5 7. e4 O-O 8. Nge2 Ne8
9. O-O g6 10. Bh6 Ng7 11. f4 Nd7 12. f5 Bg5 13. Bxg5 Qxg5 14. Qd3 Qe7 15. g4 g5
16. a3 Ne8 17. Bf3 f6 18. Kf2 Kf7 19. h4 h6 20. hxg5 fxg5 21. Rh1 Rh8 22. Rh2
Nef6 23. Ng3 a6 24. Rah1 Qf8 25. Be2 Rh7 26. b4 Rb8 27. Nh5 Nxh5 28. Rxh5 Nf6
29. R5h2 Nd7 30. Qh3 Kf6 31. Qh5 Qg8 32. Rb1 Qf7 33. Qh3 Qe7 34. bxc5 Nxc5 35.
Qxh6+ Rxh6 36. Rxh6+ Kg7 37. Rbh1 Bd7 38. Rg6+ Kf7 39. Rh7+ Kf8 40. Rxe7 Kxe7
41. Rxg5 Rh8 42. Rh5 Rxh5 43. gxh5 Kf6 44. h6 Be8 45. Kg3 Bf7 46. Kh4 Bg8 47.
Bf3 Bh7 48. Nd1 Nd7 49. Ne3 b6 50. Ng4+ Kf7 51. Kg5 Ke7 52. Bd1 Kf7 53. Nf2 Kg8
54. Ba4 Nc5 55. Be8 Kf8 56. Bg6 Kg8 57. Kf6 Nd7+ 58. Ke7 Nb8 1-0

[Event "Mistrzostwa Polski Juniorow do 16 lat"]
[Site "?"]
[Date "2015.03.20"]
[Round "7.5"]
[White "Janik, Igor"]
[Black "Walter, Szymon"]
[Result "1-0"]
[WhiteElo "2277"]
[BlackElo "2179"]
[PlyCount "165"]
[EventDate "2015.??.??"]

1. e4 c5 2. Nf3 d6 3. d4 cxd4 4. Nxd4 Nf6 5. Nc3 g6 6. Be3 Bg7 7. f3 O-O 8. Qd2
Nc6 9. Bc4 Bd7 10. O-O-O Rc8 11. Bb3 Nxd4 12. Bxd4 b5 13. Nd5 Nxd5 14. Bxg7
Kxg7 15. exd5 a5 16. a3 b4 17. axb4 axb4 18. h4 Kg8 19. Qd4 Qa5 20. h5 Bf5 21.
Kd2 Rc5 22. hxg6 Bxg6 23. Ke3 Rfc8 24. Kf2 Qb5 25. Kg3 R5c7 26. Rde1 Ra8 27.
Rh4 Rb8 28. Qf4 Qd7 29. Rg4 Kh8 30. Qd4+ Kg8 31. Rf4 Rcc8 32. Rh1 f6 33. Rhh4
Kf7 34. Qe3 Rg8 35. Kh2 Rbc8 36. Qe2 Rc5 37. Rxb4 Rgc8 38. c3 Qf5 39. Rbf4 Qg5
40. Qe6+ Kf8 41. Rfg4 Qe5+ 42. Qxe5 dxe5 43. Rb4 Rd8 44. Rb7 Ra5 45. c4 Bd3 46.
Rb4 Rc8 47. Ba4 Kg7 48. b3 Rc7 49. Kg3 Kg6 50. Rh1 Kg5 51. Rd1 Bg6 52. d6 exd6
53. Rxd6 f5 54. Rb5 Rxb5 55. Bxb5 f4+ 56. Kf2 e4 57. fxe4 Bxe4 58. Rd7 Rc8 59.
Rd4 Bb7 60. b4 Ra8 61. Rd2 Ra3 62. c5 Be4 63. Re2 Bxg2 64. Bd7 Bf3 65. Re5+ Kf6
66. Rf5+ Ke7 67. Bb5 Bg4 68. Rxf4 h5 69. Re4+ Kd8 70. Bc4 Rf3+ 71. Kg2 Rc3 72.
Rd4+ Kc7 73. Rf4 Kc6 74. Rf6+ Kc7 75. Bd5 Rd3 76. Rc6+ Kb7 77. Rd6+ Kc7 78. b5
Rc3 79. b6+ Kc8 80. c6 Rc2+ 81. Kg3 Rb2 82. c7 Bd7 83. Rh6 1-0

[Event "Mistrzostwa Polski Juniorow do 16 lat"]
[Site "Karpacz"]
[Date "2015.??.??"]
[Round "7.11"]
[White "Fukowski, Pawel"]
[Black "Michalski, Filip"]
[Result "0-1"]
[WhiteElo "1920"]
[BlackElo "2030"]
[PlyCount "94"]
[EventDate "2015.??.??"]

1. d4 Nf6 2. Nf3 e6 3. g3 d5 4. c4 Be7 5. Bg2 O-O 6. O-O Nbd7 7. Bf4 b6 8. Nc3
Bb7 9. Rc1 dxc4 10. Qa4 Nd5 11. Qxc4 Nxf4 12. gxf4 c5 13. Rfd1 Qc8 14. d5 exd5
15. Nxd5 Bxd5 16. Rxd5 Nf6 17. Rd3 Qf5 18. Ne5 b5 19. Qxb5 Qxf4 20. Re3 Bd6 21.
Rc4 Qg5 22. f4 Qh4 23. Bxa8 Rxa8 24. Qc6 Rd8 25. Qf3 Bxe5 26. fxe5 Qxc4 27.
exf6 g6 28. Rd3 Rf8 29. Qe3 Qg4+ 30. Kh1 Qf5 31. Qf3 Qe5 32. Rd5 Qxb2 33. Rxc5
Qxa2 34. Kg2 Qe6 35. Kf2 Qb6 36. Qe3 Qxf6+ 37. Kg2 a6 38. Qe4 h6 39. Rc6 Qg5+
40. Kf3 Qh5+ 41. Kg2 a5 42. Ra6 Rd8 43. Qe7 Qg4+ 44. Kf2 Qf4+ 45. Kg2 Rd5 46.
h4 Re5 47. Ra8+ Kh7 0-1

[Event "Mistrzostwa Polski Juniorow do 16 lat"]
[Site "Karpacz"]
[Date "2015.??.??"]
[Round "8.10"]
[White "Domanski, Lukasz"]
[Black "Czerniawski, Krzysztof"]
[Result "1/2-1/2"]
[WhiteElo "1974"]
[BlackElo "1680"]
[PlyCount "86"]
[EventDate "2015.??.??"]

1. b3 Nf6 2. Bb2 d5 3. e3 Nbd7 4. f4 g6 5. Nf3 Bg7 6. c4 dxc4 7. Bxc4 Nb6 8.
O-O O-O 9. Na3 c6 10. Qe1 Nfd5 11. Bxg7 Kxg7 12. Qh4 e6 13. Qg3 Nf6 14. d4 Ne4
15. Qe1 Qe7 16. Bd3 Qxa3 17. Bxe4 Nd5 18. Ne5 f6 19. Nc4 Qe7 20. Rd1 b6 21. Bb1
Bb7 22. e4 Nc7 23. e5 f5 24. Rf3 Rad8 25. Nd6 Ne8 26. Nxb7 Qxb7 27. Rh3 Qe7 28.
Rc3 Qd7 29. Qe2 Nc7 30. g3 Ra8 31. a3 Nb5 32. Rcc1 Nxd4 33. Qd3 Rfd8 34. Kf2 c5
35. b4 Qd5 36. Qe3 Qb3 37. Qxb3 Nxb3 38. Rxd8 Rxd8 39. Rc3 Nd4 40. bxc5 Rc8 41.
c6 Nxc6 42. Rd3 Rd8 43. Rc3 Nb8 1/2-1/2

[Event "Mistrzostwa Polski Juniorow do 16 lat"]
[Site "Karpacz"]
[Date "2015.??.??"]
[Round "8.11"]
[White "Badyra, Wasyl"]
[Black "Madej, Roman"]
[Result "0-1"]
[WhiteElo "1885"]
[BlackElo "1935"]
[PlyCount "98"]
[EventDate "2015.??.??"]

1. e4 c5 2. Nf3 e6 3. d3 d5 4. Nbd2 g6 5. g3 Bg7 6. Bg2 Ne7 7. O-O O-O 8. c3
Nbc6 9. Nb3 b6 10. exd5 exd5 11. Bf4 Re8 12. Re1 Bf5 13. Qd2 Qd7 14. Rad1 Rad8
15. Na1 d4 16. c4 f6 17. h4 Nb4 18. Bf1 Nxa2 19. Nc2 Nc6 20. Rxe8+ Rxe8 21. Re1
Nab4 22. Rxe8+ Qxe8 23. Nfxd4 Nxd4 24. Nxd4 Bxd3 25. Bxd3 Nxd3 26. Qxd3 Qd7 27.
Kf1 cxd4 28. Ke2 Qe7+ 29. Kd1 f5 30. Kc2 Kf7 31. Bg5 Qe1 32. Qf3 Qe4+ 33. Qd3
Qg2 34. Qe2 Qe4+ 35. Qd3 Qe1 36. Qf3 d3+ 37. Qxd3 Qxf2+ 38. Bd2 Qd4 39. Qb3 Be5
40. Be3 Qe4+ 41. Kd2 Bxg3 42. c5+ Qe6 43. Qb4 Be1+ 44. Kxe1 Qxe3+ 45. Kd1 Qg1+
46. Kd2 Qf2+ 47. Kd1 Qf3+ 48. Kc1 Qh1+ 49. Kd2 Qd5+ 0-1

[Event "Mistrzostwa Polski Juniorow do 16 lat"]
[Site "Karpacz"]
[Date "2015.??.??"]
[Round "8.20"]
[White "Rzeszowski, Dominik"]
[Black "Klepek, Witold"]
[Result "1/2-1/2"]
[WhiteElo "1780"]
[BlackElo "1931"]
[PlyCount "80"]
[EventDate "2015.??.??"]

1. e4 c5 2. Nc3 e6 3. g3 d5 4. d3 Nf6 5. e5 Nfd7 6. f4 Nc6 7. Nf3 Be7 8. Bg2 a6
9. O-O b5 10. Bd2 Bb7 11. h3 Qc7 12. Kh1 O-O 13. Ne2 f6 14. d4 Rac8 15. c3 b4
16. cxb4 cxb4 17. b3 a5 18. Re1 Qb6 19. Bc1 Ba6 20. Bb2 f5 21. Bf1 Na7 22. Qd2
Rc6 23. Rac1 Rfc8 24. Rxc6 Rxc6 25. Rc1 Nb8 26. Kg2 Bb5 27. Rxc6 Nbxc6 28. Nc1
a4 29. Bxb5 Qxb5 30. Ne2 Na5 31. Nc1 Qc6 32. Ne1 Nb5 33. Qc2 a3 34. Ba1 g5 35.
Qxc6 Nxc6 36. Nc2 Kg7 37. Nd3 Kg6 38. Kf3 h5 39. fxg5 Kxg5 40. h4+ Kh6 1/2-1/2

[Event "Mistrzostwa Polski Juniorow do 16 lat"]
[Site "Karpacz"]
[Date "2015.??.??"]
[Round "8.7"]
[White "Michalski, Filip"]
[Black "Szustakowski, Antoni"]
[Result "0-1"]
[WhiteElo "2030"]
[BlackElo "1862"]
[PlyCount "54"]
[EventDate "2015.??.??"]

1. d4 d5 2. c4 dxc4 3. Nf3 Nf6 4. e3 Bg4 5. Bxc4 e6 6. O-O a6 7. Nc3 Nc6 8. Be2
Bd6 9. a3 O-O 10. b4 e5 11. dxe5 Nxe5 12. Bb2 Nxf3+ 13. Bxf3 Bxf3 14. Qxf3 c6
15. Ne2 Qe7 16. Rfd1 Rfd8 17. Bd4 Be5 18. Rd3 a5 19. bxa5 c5 20. Bxe5 Rxd3 21.
Bc3 Rad8 22. h3 Ne4 23. Rc1 Nxc3 24. Nxc3 Qe5 25. Na4 c4 26. g3 Qb5 27. Nb6 c3
0-1

[Event "Mistrzostwa Polski Juniorow do 16 lat"]
[Site "Karpacz"]
[Date "2015.??.??"]
[Round "8.9"]
[White "Walter, Szymon"]
[Black "Golda, Sebastian"]
[Result "1-0"]
[WhiteElo "2179"]
[BlackElo "1874"]
[PlyCount "67"]
[EventDate "2015.??.??"]

1. e4 e5 2. Nf3 Nc6 3. Bb5 Nge7 4. O-O a6 5. Ba4 g6 6. d4 exd4 7. Nxd4 Bg7 8.
Nxc6 Nxc6 9. Nc3 O-O 10. Bb3 b5 11. Be3 Rb8 12. Qd2 Re8 13. Bg5 Bf6 14. Bxf6
Qxf6 15. Nd5 Qd6 16. Qc3 Re6 17. Rad1 Qe5 18. Qxe5 Rxe5 19. f4 Re6 20. e5 Kg7
21. Nxc7 Re7 22. Nd5 Re8 23. Nf6 Re7 24. Rd6 Rb7 25. Rfd1 Nd8 26. Nd5 Re6 27.
Nf6 Re7 28. R1d3 Ra7 29. Nd5 Re8 30. Nb6 Ne6 31. Nxc8 Rxc8 32. Rxd7 Rxd7 33.
Rxd7 Nd8 34. e6 1-0

[Event "Mistrzostwa Polski Juniorow do 16 lat"]
[Site "Karpacz"]
[Date "2015.??.??"]
[Round "8.12"]
[White "Janiszewski, Filip"]
[Black "Szmer, Aleksander"]
[Result "0-1"]
[WhiteElo "1919"]
[BlackElo "1767"]
[PlyCount "38"]
[EventDate "2015.??.??"]

1. e4 d5 2. exd5 Qxd5 3. Nf3 Nf6 4. Be2 Bg4 5. O-O Nc6 6. Nc3 Qd7 7. Bb5 a6 8.
Ba4 e6 9. h3 Bxf3 10. Qxf3 Nd5 11. Nxd5 Qxd5 12. Bxc6+ bxc6 13. Qc3 Rb8 14. d3
Rb4 15. Re1 f6 16. a3 Rh4 17. Bd2 Bc5 18. b4 Bd4 19. Qc4 Bxf2+ 0-1

[Event "Mistrzostwa Polski Juniorow do 16 lat"]
[Site "Karpacz"]
[Date "2015.??.??"]
[Round "8.14"]
[White "Kaminski, Piotr"]
[Black "Holownia, Michal"]
[Result "1/2-1/2"]
[WhiteElo "1887"]
[BlackElo "1795"]
[PlyCount "34"]
[EventDate "2015.??.??"]

1. e4 e5 2. Nf3 Nc6 3. Bb5 a6 4. Ba4 Nf6 5. O-O Nxe4 6. d4 exd4 7. Re1 d5 8.
Nxd4 Bd6 9. Nxc6 Bxh2+ 10. Kxh2 Qh4+ 11. Kg1 Qxf2+ 12. Kh2 Qh4+ 13. Kg1 Qf2+
14. Kh2 Qh4+ 15. Kg1 Qf2+ 16. Kh2 Qh4+ 17. Kg1 Qf2+ 1/2-1/2

[Event "Mistrzostwa Polski Juniorow do 16 lat"]
[Site "Karpacz"]
[Date "2015.??.??"]
[Round "8.15"]
[White "Zaleski, Lukasz"]
[Black "Fukowski, Pawel"]
[Result "1-0"]
[WhiteElo "2005"]
[BlackElo "1920"]
[PlyCount "101"]
[EventDate "2015.??.??"]

1. e4 e6 2. d4 d5 3. Nc3 Bb4 4. e5 c5 5. a3 Bxc3+ 6. bxc3 Ne7 7. Nf3 Qa5 8. Bd2
c4 9. g3 Bd7 10. h4 Na6 11. Bh3 h6 12. Ng1 O-O-O 13. Ne2 Nc7 14. Nf4 g6 15. g4
Rdf8 16. Ne2 Ne8 17. Qc1 Ng8 18. a4 Ng7 19. Qa3 Re8 20. Bg2 Qc7 21. Qb4 a5 22.
Qa3 Bc6 23. Bc1 b6 24. Qa2 Kb7 25. Ba3 Ne7 26. f4 h5 27. f5 exf5 28. Bxe7 Rxe7
29. Nf4 Rxe5+ 30. dxe5 Qxe5+ 31. Ne2 Re8 32. Bf1 f4 33. O-O-O d4 34. Rh3 d3 35.
Nd4 Bd5 36. gxh5 Ne6 37. Nxe6 Bxe6 38. Bg2+ Ka7 39. Rhh1 Qe3+ 40. Kb2 d2 41.
Qa3 f3 42. Bh3 Bxh3 43. Rxh3 Qf4 44. h6 f2 45. Rhh1 Re1 46. h7 Re8 47. h8=Q
Rxh8 48. Qe7+ Ka8 49. Qd7 b5 50. Qxd2 Qg3 51. Qd5+ 1-0

[Event "Mistrzostwa Polski Juniorow do 16 lat"]
[Site "Karpacz"]
[Date "2015.??.??"]
[Round "8.19"]
[White "Oleszek, Maciej"]
[Black "Pasieka, Marcin"]
[Result "1-0"]
[WhiteElo "1788"]
[BlackElo "1683"]
[PlyCount "91"]
[EventDate "2015.??.??"]

1. d4 Nf6 2. Nc3 d5 3. Bg5 e6 4. e4 dxe4 5. Nxe4 Be7 6. Bxf6 Bxf6 7. c3 O-O 8.
Nf3 b6 9. Qc2 Bb7 10. Bd3 Nd7 11. O-O-O Qe7 12. h4 c5 13. dxc5 bxc5 14. Neg5 h6
15. Be4 Bxe4 16. Nxe4 Ne5 17. Nxe5 Bxe5 18. g3 Rfd8 19. Rxd8+ Rxd8 20. Rd1 Rd5
21. Qb3 f5 22. Rxd5 exd5 23. Qxd5+ Kh8 24. Nxc5 f4 25. Qa8+ Kh7 26. Qe4+ Kg8
27. Nd3 fxg3 28. fxg3 Bd6 29. Qxe7 Bxe7 30. Kd2 Kf7 31. Ke3 Ke6 32. Ke4 g5 33.
hxg5 Bxg5 34. g4 Bd8 35. c4 Bg5 36. b4 Bd8 37. a4 Be7 38. c5 Bd8 39. Nf4+ Kf6
40. Kd5 Bc7 41. Ne6 Bg3 42. b5 Ke7 43. a5 Kd7 44. c6+ Kc8 45. b6 axb6 46. axb6
1-0

[Event "Mistrzostwa Polski Juniorow do 16 lat"]
[Site "?"]
[Date "2015.03.21"]
[Round "8.1"]
[White "Zylka, Stanislaw"]
[Black "Winiarski, Mikolaj"]
[Result "1/2-1/2"]
[WhiteElo "2065"]
[BlackElo "2113"]
[PlyCount "94"]
[EventDate "2015.??.??"]

1. e4 c5 2. Nf3 d6 3. d4 cxd4 4. Nxd4 Nf6 5. Nc3 a6 6. h3 e6 7. g4 d5 8. exd5
Nxd5 9. Nde2 Bb4 10. Bg2 O-O 11. O-O Nxc3 12. Nxc3 Qc7 13. Qf3 Nc6 14. Rd1 Ne7
15. Bd2 Bd6 16. a4 Ng6 17. Bh1 Bh2+ 18. Kf1 Nh4 19. Qd3 Bf4 20. Bxf4 Qxf4 21.
Qg3 Ng6 22. a5 f5 23. g5 Qxg3 24. fxg3 Rb8 25. Na4 e5 26. Bd5+ Kh8 27. Nb6 h6
28. gxh6 gxh6 29. Ra3 h5 30. Kg2 h4 31. gxh4 Nxh4+ 32. Kg3 Ng6 33. h4 f4+ 34.
Kf2 Bf5 35. Re1 Bxc2 36. h5 Ne7 37. Rxe5 Nxd5 38. Rxd5 Rbe8 39. Rc3 Be4 40. Rg5
Bc6 41. Nc4 Rg8 42. Rxg8+ Kxg8 43. Rd3 Kh7 44. Rd6 Re7 45. b3 Re8 46. h6 Be4
47. Rf6 Bc6 1/2-1/2

[Event "Mistrzostwa Polski Juniorow do 16 lat"]
[Site "?"]
[Date "2015.03.21"]
[Round "8.2"]
[White "Wisniewski, Michal"]
[Black "Grela, Kacper"]
[Result "0-1"]
[WhiteElo "2096"]
[BlackElo "2172"]
[PlyCount "90"]
[EventDate "2015.??.??"]

1. e4 c5 2. Nf3 Nc6 3. Bb5 d6 4. d4 cxd4 5. Qxd4 Bd7 6. Qd3 Nf6 7. c4 e6 8. Nc3
Be7 9. O-O a6 10. Bxc6 Bxc6 11. h3 O-O 12. Be3 Qb8 13. a4 b6 14. Nd4 Qb7 15. f3
Rfc8 16. b3 Rc7 17. Rfd1 Be8 18. a5 bxa5 19. Rxa5 d5 20. exd5 Bb4 21. Ra2 Bxc3
22. Qxc3 Nxd5 23. Qe1 Nxe3 24. Qxe3 a5 25. Qc3 a4 26. b4 h6 27. Kh1 Rac8 28.
Rc1 Rxc4 29. Qxc4 Rxc4 30. Rxc4 Qd5 31. Rac2 Bb5 32. Rc8+ Kh7 33. Rd2 a3 34.
Rcc2 Bc4 35. Rc1 e5 36. Nb3 Qb5 37. Na1 Qxb4 38. Rdc2 Be6 39. Re2 f6 40. Nc2
Qb2 41. Ree1 a2 42. Ne3 Bf7 43. Red1 Bg6 44. Nc4 Qb4 45. Nd2 Bb1 0-1